[Event "Sparkassen-Open B"]
[Site "Heusenstamm, Martinsee"]
[Date "2025.11.21"]
[Round "2.34"]
[White "Manasek, Martin"]
[Black "Berstler, Tobias"]
[Result "0-1"]
[WhiteElo "1641"]
[BlackElo "1780"]
[PlyCount "46"]
[EventDate "2025.11.20"]
[WhiteTeam "SC Flörsheim 1921"]
[BlackTeam "SK Bingen"]

1. d4 d5 2. Nf3 Nf6 3. c4 e6 4. Nc3 c6 5. Bg5 Nbd7 6. e3 Qa5 7. Bd3 dxc4 8. Bxc4 Ne4 9. O-O Nxg5 10. Nxg5 Qxg5 11. f4 Qa5 12. a3 Be7 13. b4 Qd8 14. f5 Nf6 15. fxe6 Bxe6 16. Bxe6 fxe6 17. e4 O-O 18. e5 Nd5 19. Rxf8+ Qxf8 20. Ne4 Qf4 21. Ng3 Rf8 22. Ne2 Qf2+ 23. Kh1 Ne3 0-1

[Event "Sparkassen-Open B"]
[Site "Heusenstamm, Martinsee"]
[Date "2025.11.21"]
[Round "2.35"]
[White "Laznik, Zeljko"]
[Black "Kolker, Vladislav"]
[Result "0-1"]
[WhiteElo "1606"]
[BlackElo "1780"]
[PlyCount "50"]
[EventDate "2025.11.20"]
[WhiteTeam "SF Heusenstamm"]
[BlackTeam "SC Bad Nauheim"]

1. e4 e5 2. Nc3 Nf6 3. Nf3 Nc6 4. Bc4 Nxe4 5. Nxe4 d5 6. Bxd5 Qxd5 7. Nc3 Qd8 8. d3 Bg4 9. h3 Bh5 10. g4 Bg6 11. a3 Qd7 12. Be3 Be7 13. Qd2 f5 14. gxf5 Qxf5 15. Ng1 O-O-O 16. Ne4 Rhf8 17. O-O-O Nd4 18. Ng3 Qe6 19. Kb1 Bf7 20. c4 b5 21. Bxd4 Rxd4 22. N3e2 Rxd3 23. Qe1 Qxc4 24. Nc3 Rxc3 25. Qxc3 Qe4+ 0-1

[Event "Sparkassen-Open B"]
[Site "Heusenstamm, Martinsee"]
[Date "2025.11.21"]
[Round "2.36"]
[White "González Peisker, Mateo"]
[Black "Wernicke, Dieter"]
[Result "1-0"]
[WhiteElo "1777"]
[BlackElo "1653"]
[PlyCount "101"]
[EventDate "2025.11.20"]
[WhiteTeam "SV Multatuli Ingelheim e.V."]
[BlackTeam "SV Mainspitze Ginsheim"]

1. e4 e5 2. Nf3 Nc6 3. Bc4 Nf6 4. d3 Be7 5. c3 O-O 6. O-O d6 7. Re1 Bg4 8. Nbd2 a6 9. h3 Bh5 10. Nf1 Na5 11. Bb3 Nxb3 12. axb3 h6 13. Ng3 Bg6 14. Nh4 Qd7 15. Ngf5 Bxf5 16. Nxf5 Rfe8 17. Qf3 Bf8 18. Nxh6+ gxh6 19. Qxf6 Re6 20. Qh4 Kh7 21. Qg4 Be7 22. Qf5+ Kg7 23. Re3 Qe8 24. Rg3+ Rg6 25. Qh5 Qh8 26. Bd2 Rg8 27. Kh2 Kf8 28. Re1 Qf6 29. Rxg6 Qxg6 30. Qxh6+ Ke8 31. Qxg6 Rxg6 32. g3 Kf8 33. h4 Kg8 34. Re3 Rg7 35. Rf3 Rh7 36. Rf5 Kg7 37. Kh3 Kg6 38. Bg5 f6 39. Be3 Bd8 40. Kg4 Rh8 41. Rh5 Rg8 42. Rh6+ Kg7 43. Kf5 Rf8 44. Rg6+ Kh7 45. h5 b6 46. h6 b5 47. Rg7+ Kh8 48. Kg6 Rg8 49. Rxg8+ Kxg8 50. h7+ Kh8 51. Bh6 1-0

[Event "Sparkassen-Open B"]
[Site "Heusenstamm, Martinsee"]
[Date "2025.11.21"]
[Round "2.37"]
[White "Beljith, Advaith"]
[Black "Beier, Claus Christian"]
[Result "1/2-1/2"]
[WhiteElo "1633"]
[BlackElo "1773"]
[PlyCount "41"]
[EventDate "2025.11.20"]
[WhiteTeam "SC Bad Nauheim"]
[BlackTeam "SK Bad Homburg 1927"]

1. d4 d5 2. c4 e6 3. Nf3 c6 4. e3 Nf6 5. Nc3 Nbd7 6. cxd5 exd5 7. Bd3 Bd6 8. O-O O-O 9. Qc2 h6 10. h3 Re8 11. a3 a5 12. a4 Qc7 13. b3 Nb8 14. Ba3 Na6 15. Bxd6 Qxd6 16. Bxa6 Rxa6 17. Ne5 Nh7 18. Nxf7 Kxf7 19. Qxh7 Qg6 20. Qxg6+ Kxg6 21. Kh2 1/2-1/2

[Event "Sparkassen-Open B"]
[Site "Heusenstamm, Martinsee"]
[Date "2025.11.21"]
[Round "2.38"]
[White "Arslan, Abdussamed"]
[Black "Jelacic, Luca"]
[Result "0-1"]
[WhiteElo "1762"]
[BlackElo "1588"]
[PlyCount "80"]
[EventDate "2025.11.20"]
[WhiteTeam "SF Schöneck"]
[BlackTeam "SAbt BKA Wiesbaden"]

1. e4 e6 2. d4 d5 3. Nd2 dxe4 4. Nxe4 Nd7 5. Nf3 Ngf6 6. Nxf6+ Nxf6 7. Bd3 c5 8. O-O cxd4 9. Nxd4 Be7 10. Re1 O-O 11. a3 Bd7 12. Qf3 Qb6 13. Be3 Bc5 14. Nb3 Bxe3 15. Rxe3 Rac8 16. Re5 Bc6 17. Qg3 Qc7 18. Rae1 Rfd8 19. Qh4 Rd5 20. Rxd5 Bxd5 21. g4 Qf4 22. h3 Qf3 23. Kf1 Bxb3 24. g5 Bxc2 25. Bxc2 Rxc2 26. Kg1 Nd7 27. Qd4 Nf8 28. Qxa7 Rxb2 29. Qd4 Rb5 30. h4 Rd5 31. Qb4 Ng6 32. Qa4 h6 33. Qe8+ Kh7 34. Re3 Rd1+ 35. Re1 Rxe1+ 36. Kh2 Nf4 37. g6+ Kxg6 38. h5+ Qxh5+ 39. Kg3 Ne2+ 40. Kg2 Rg1# 0-1

[Event "Sparkassen-Open B"]
[Site "Heusenstamm, Martinsee"]
[Date "2025.11.21"]
[Round "2.39"]
[White "Köhlich, Viktor"]
[Black "Kostadinov, Emanuel"]
[Result "0-1"]
[WhiteElo "1759"]
[BlackElo "1537"]
[PlyCount "76"]
[EventDate "2025.11.20"]
[WhiteTeam "SC Matt im Park Ffm"]
[BlackTeam "SV 1920 Hofheim"]

1. d4 d5 2. Nf3 Nc6 3. Bf4 Bf5 4. e3 a6 5. c3 e6 6. Nbd2 Bd6 7. Bg3 Nge7 8. Be2 Qd7 9. Bxd6 cxd6 10. Nb3 O-O-O 11. Rc1 f6 12. O-O g5 13. c4 Kb8 14. cxd5 Nxd5 15. Nfd2 Nb6 16. a3 h5 17. Bf3 Rc8 18. Qe2 Bg4 19. Bxg4 hxg4 20. Qxg4 f5 21. Qg3 Rcf8 22. Nc5 Qe7 23. Nd3 Nd5 24. Nf3 Rhg8 25. h4 f4 26. Qh2 g4 27. Ng5 fxe3 28. fxe3 Nxe3 29. Rxf8+ Rxf8 30. Re1 Nf5 31. d5 Ncd4 32. Nxe6 Nxe6 33. Rxe6 g3 34. Qh3 Qg7 35. Re1 Qd4+ 36. Kh1 Qxd3 37. h5 Nh6 38. Qd7 Qf1+ 0-1

[Event "Sparkassen-Open B"]
[Site "Heusenstamm, Martinsee"]
[Date "2025.11.21"]
[Round "2.41"]
[White "Sriram, Aumkar"]
[Black "Brucker, Oscar"]
[Result "1-0"]
[WhiteElo "1585"]
[BlackElo "1738"]
[PlyCount "61"]
[EventDate "2025.11.20"]
[WhiteTeam "SV 1947 Walldorf"]
[BlackTeam "SV Oberursel"]

1. e4 e5 2. Nf3 Nf6 3. Bc4 Bc5 4. c3 Nc6 5. d4 exd4 6. e5 Ng8 7. cxd4 Bb6 8. O-O d5 9. exd6 Qxd6 10. d5 Na5 11. Bb5+ Bd7 12. Re1+ Ne7 13. Bxd7+ Qxd7 14. Qe2 c6 15. b4 cxd5 16. bxa5 Bxa5 17. Bd2 Bb6 18. Bb4 Bd8 19. Bxe7 Bxe7 20. Nc3 Kf8 21. Nxd5 Re8 22. Nxe7 Rxe7 23. Qxe7+ Qxe7 24. Rxe7 Kxe7 25. Re1+ Kd6 26. Rd1+ Ke6 27. h3 f6 28. a4 Rc8 29. a5 Rc5 30. Rb1 Rc7 31. Nd4+ 1-0

[Event "Sparkassen-Open B"]
[Site "Heusenstamm, Martinsee"]
[Date "2025.11.21"]
[Round "2.42"]
[White "Xu, Dorothea Sicheng"]
[Black "Henzelmann, Matthias"]
[Result "0-1"]
[WhiteElo "1561"]
[BlackElo "1736"]
[PlyCount "150"]
[EventDate "2025.11.20"]
[WhiteTeam "SK Bad Homburg 1927"]
[BlackTeam "SC Heuchelheim"]

1. d4 d5 2. c4 dxc4 3. Nf3 Nf6 4. e3 e6 5. Bxc4 c5 6. O-O a6 7. a4 Nc6 8. Nc3 b6 9. Re1 Bb7 10. b3 Be7 11. Bb2 O-O 12. Qd2 Qc7 13. Rac1 Rfd8 14. Red1 Na5 15. Qe2 cxd4 16. Nxd4 Nxc4 17. bxc4 Rac8 18. Nb1 Be4 19. Nd2 Bg6 20. N4f3 Bd3 21. Qe1 Qc6 22. Ne5 Qxa4 23. Ndf3 Bc2 24. Rxd8+ Rxd8 25. Nd4 Be4 26. Qc3 Bb4 27. Qb3 Qxb3 28. Nxb3 Kf8 29. f3 Bb7 30. Kf2 Ne8 31. Bd4 f6 32. Nd3 Ba3 33. Ra1 Be7 34. Nf4 Rd6 35. Bc3 e5 36. Ne2 Rc6 37. Ra4 Nd6 38. Nd2 a5 39. Nc1 Ba6 40. Ra2 Nxc4 41. Nxc4 Rxc4 42. Bd2 Bb4 43. Bxb4+ Rxb4 44. Rc2 Rc4 45. Rxc4 Bxc4 46. Ke1 Ke7 47. Kd2 Kd6 48. Kc3 Kc5 49. f4 exf4 50. exf4 b5 51. g3 b4+ 52. Kc2 a4 53. Kb2 a3+ 54. Kc2 a2 55. Kb2 b3 56. g4 Kd5 57. h3 Ke4 58. f5 Ke3 59. h4 h6 60. Ka1 Kf4 61. g5 fxg5 62. hxg5 Kxg5 63. Kb2 h5 64. Ka1 h4 65. Kb2 h3 66. Nxb3 Bxb3 67. Kxb3 a1=Q 68. Kc4 h2 69. Kd5 h1=Q+ 70. Kc4 Qe4+ 71. Kc5 Qa5+ 72. Kd6 Qad5+ 73. Kc7 Qec4+ 74. Kb6 Qdb5+ 75. Ka7 Qca4# 0-1

[Event "Sparkassen-Open B"]
[Site "Heusenstamm, Martinsee"]
[Date "2025.11.21"]
[Round "2.43"]
[White "Heller, Holger"]
[Black "Paul, Jenna"]
[Result "1-0"]
[WhiteElo "1725"]
[BlackElo "1536"]
[PlyCount "63"]
[EventDate "2025.11.20"]
[WhiteTeam "SAbt TuS Dotzheim"]
[BlackTeam "SC FK Babenhausen 1994"]

1. d4 d5 2. c4 e6 3. Nc3 Nf6 4. Bg5 Nbd7 5. e3 Be7 6. Nf3 O-O 7. Bd3 b6 8. O-O Ba6 9. cxd5 Bxd3 10. Qxd3 Nxd5 11. Bxe7 Qxe7 12. Nxd5 exd5 13. Rac1 Nf6 14. Rc6 a5 15. Rfc1 Ra7 16. Qc2 Rc8 17. Rxb6 cxb6 18. Qxc8+ Ne8 19. Ne5 Rd7 20. Qxd7 Qxd7 21. Nxd7 f6 22. Nxb6 Nd6 23. Nxd5 Kf7 24. b4 a4 25. Rc7+ Kg6 26. Nf4+ Kh6 27. Ra7 Ne4 28. b5 Nd6 29. b6 g5 30. Ne6 Kg6 31. Nf8+ Kh6 32. Rxh7# 1-0

[Event "Sparkassen-Open B"]
[Site "Heusenstamm, Martinsee"]
[Date "2025.11.21"]
[Round "2.45"]
[White "Nikonenko, Tymofii"]
[Black "Bengsch, Norbert"]
[Result "1/2-1/2"]
[WhiteElo "1556"]
[BlackElo "1706"]
[PlyCount "52"]
[EventDate "2025.11.20"]
[WhiteTeam "SV Oberursel"]
[BlackTeam "SG Donautal Tuttlingen"]

1. d4 b6 2. c4 e6 3. Nc3 Bb7 4. e4 Bb4 5. Qc2 c5 6. d5 e5 7. Nge2 d6 8. Ng3 Ne7 9. Be2 O-O 10. a3 Bxc3+ 11. Qxc3 Nd7 12. O-O f6 13. Bg4 Bc8 14. h3 Nb8 15. Bh5 f5 16. f4 Nd7 17. exf5 Nxf5 18. Nxf5 Rxf5 19. Bg4 Rf8 20. Bxd7 Bxd7 21. fxe5 Rxf1+ 22. Kxf1 dxe5 23. Qxe5 Qh4 24. b3 Re8 25. Bg5 Qxc4+ 26. bxc4 Rxe5 1/2-1/2

[Event "Sparkassen-Open B"]
[Site "Heusenstamm, Martinsee"]
[Date "2025.11.21"]
[Round "2.49"]
[White "Müller, Jens"]
[Black "Zargaran, Paya"]
[Result "1-0"]
[WhiteElo "1675"]
[BlackElo "1511"]
[PlyCount "89"]
[EventDate "2025.11.20"]
[WhiteTeam "SV 1920 Hofheim"]
[BlackTeam "VSG 1880 Offenbach"]

1. e4 c5 2. Nf3 d6 3. d4 cxd4 4. Nxd4 Nf6 5. Nc3 g6 6. Bc4 Bg7 7. Be3 O-O 8. Qd2 Ng4 9. Bg5 h6 10. Bh4 Qb6 11. Nb3 Nc6 12. Nd5 Qd8 13. c3 Be6 14. Nd4 Bxd5 15. Bxd5 Nxd4 16. cxd4 Qd7 17. f3 Nf6 18. Bb3 Rac8 19. O-O Rc7 20. Rac1 Rfc8 21. Kh1 a5 22. Rxc7 Qxc7 23. Bxf6 exf6 24. f4 b5 25. e5 a4 26. Bd5 Qd8 27. e6 Kh7 28. exf7 Bf8 29. Re1 Be7 30. Qe2 Rc7 31. Qxb5 Rd7 32. Be6 Ra7 33. Qe8 Ra8 34. f8=N+ Bxf8 35. Qf7+ Bg7 36. Bd7 Qc7 37. h3 Rf8 38. Qe6 Ra8 39. d5 Ra7 40. Bc6 Qd8 41. Qe3 Qb8 42. Qf2 Qc7 43. Re8 Qf7 44. Qe3 Bf8 45. Rxf8 1-0

[Event "Sparkassen-Open B"]
[Site "Heusenstamm, Martinsee"]
[Date "2025.11.21"]
[Round "2.51"]
[White "Zerhusen, Martin"]
[Black "Goodwin, David"]
[Result "1/2-1/2"]
[WhiteElo "1856"]
[BlackElo "1582"]
[PlyCount "46"]
[EventDate "2025.11.20"]
[WhiteTeam "SV Rüsselsheim 1929"]
[BlackTeam "SV 1920 Kelsterbach"]

1. d4 Nf6 2. c4 g6 3. Nc3 Bg7 4. e4 d6 5. h3 O-O 6. f4 c5 7. d5 e5 8. fxe5 dxe5 9. Nf3 Nh5 10. Bd3 Nf4 11. Rg1 f5 12. Be3 Nxd3+ 13. Qxd3 Qa5 14. Bd2 Na6 15. Kf2 Nb4 16. Qb1 fxe4 17. Nxe4 Bf5 18. g3 Qa6 19. b3 Nxd5 20. cxd5 Rad8 21. d6 Qc6 22. Re1 Rxd6 23. Qc2 Rd4 1/2-1/2

[Event "Sparkassen-Open B"]
[Site "Heusenstamm, Martinsee"]
[Date "2025.11.21"]
[Round "2.52"]
[White "Will, Elina"]
[Black "Hensel, Roman"]
[Result "0-1"]
[WhiteElo "1597"]
[BlackElo "1844"]
[PlyCount "70"]
[EventDate "2025.11.20"]
[WhiteTeam "TuS Makkabi Wiesbaden"]
[BlackTeam "SV Oberursel"]

1. e4 c5 2. Nf3 d6 3. d4 cxd4 4. Nxd4 Nf6 5. Nc3 Nc6 6. Bb5 Bd7 7. O-O g6 8. Be3 Bg7 9. f3 O-O 10. Qd2 a6 11. Bc4 Rc8 12. Bb3 Re8 13. Rad1 Na5 14. Rf2 Nc4 15. Qd3 Nxb2 16. Qd2 Nxd1 17. Nxd1 Rf8 18. Qd3 Ne8 19. Bd5 Rb8 20. Nc3 Nc7 21. Bb3 Ne6 22. Rd2 b5 23. Nd5 Nc5 24. Qe2 Be6 25. Qf2 Rc8 26. Nxe6 Nxe6 27. Qh4 Re8 28. Kf1 Nc5 29. Bxc5 Rxc5 30. Qf4 e6 31. Ne3 Be5 32. Qh6 Bc3 33. Rd3 Rh5 34. Qf4 Be5 35. Qg4 Rh4 0-1

[Event "Sparkassen-Open B"]
[Site "Heusenstamm, Martinsee"]
[Date "2025.11.21"]
[Round "2.53"]
[White "Braun, Kevin"]
[Black "Faulstich, Kurt"]
[Result "0-1"]
[WhiteElo "1581"]
[BlackElo "1788"]
[PlyCount "76"]
[EventDate "2025.11.20"]
[WhiteTeam "SV Erzgebirge Stollber"]
[BlackTeam "SAbt Niederräder TG"]

1. e4 c5 2. Nc3 Nc6 3. f4 d6 4. Bb5 Bd7 5. Nf3 a6 6. Bxc6 Bxc6 7. d3 g6 8. O-O Bg7 9. Bd2 b5 10. Rb1 b4 11. Ne2 e5 12. fxe5 dxe5 13. b3 Ne7 14. Qe1 f6 15. Qf2 Rc8 16. Nxe5 O-O 17. Nc4 Bb7 18. Be3 Qc7 19. Qh4 Rcd8 20. Rf3 Bc8 21. Rbf1 Bd7 22. Bf4 Qc6 23. Bd6 Rfe8 24. g4 g5 25. Qh5 Ng6 26. Rh3 Nh4 27. Bg3 Re6 28. Bxh4 Be8 29. Qxe8+ Qxe8 30. Bf2 Qe7 31. Ng3 Qc7 32. Nf5 Bf8 33. Bg3 Qd7 34. Bf2 Qc7 35. Be3 Bd6 36. Nh6+ Kh8 37. Nxd6 Rexd6 38. Bf2 Re6 0-1

[Event "Sparkassen-Open B"]
[Site "Heusenstamm, Martinsee"]
[Date "2025.11.21"]
[Round "2.54"]
[White "König, Frank"]
[Black "Fitting, Noah Philipp"]
[Result "1-0"]
[WhiteElo "1773"]
[BlackElo "1570"]
[PlyCount "43"]
[EventDate "2025.11.20"]
[WhiteTeam "SV Steinhausen"]
[BlackTeam "Sfr.Heimersheim"]

1. Nc3 d5 2. d4 Nf6 3. Bf4 Bf5 4. e3 a6 5. f3 h5 6. Bd3 e6 7. Bxf5 exf5 8. Qd3 g6 9. O-O-O Bd6 10. Bg5 Be7 11. Nh3 O-O 12. Nf4 c6 13. h3 Kg7 14. g4 hxg4 15. hxg4 fxg4 16. Bh6+ Kg8 17. Nxg6 Re8 18. Ne5 Bd6 19. Qf5 Bf8 20. Qg5+ Kh8 21. Bxf8+ Nh7 22. Qg7# 1-0

[Event "Sparkassen-Open B"]
[Site "Heusenstamm, Martinsee"]
[Date "2025.11.21"]
[Round "2.55"]
[White "Homfeldt, Maren"]
[Black "Scherer, Mark"]
[Result "1/2-1/2"]
[WhiteElo "1515"]
[BlackElo "1727"]
[PlyCount "23"]
[EventDate "2025.11.20"]
[WhiteTeam "SC Noris-Tarrasch Nürnberg 1873"]
[BlackTeam "SK Marburg 1931/72"]

1. g3 d5 2. e3 Nf6 3. Ne2 Bf5 4. Bg2 e5 5. d3 c6 6. Nd2 Bb4 7. c3 Ba5 8. e4 Bg6 9. b4 Bb6 10. O-O O-O 11. a4 a5 12. Ba3 1/2-1/2

[Event "Sparkassen-Open B"]
[Site "Heusenstamm, Martinsee"]
[Date "2025.11.21"]
[Round "2.56"]
[White "Niesel, Markus"]
[Black "Haftmann, Rainer"]
[Result "0-1"]
[WhiteElo "1537"]
[BlackElo "1770"]
[PlyCount "78"]
[EventDate "2025.11.20"]
[WhiteTeam "SV 1934 Ffm-Griesheim (V)"]
[BlackTeam "SAbt SG 1945 Dietzenbach"]

1. e4 e5 2. Nf3 Nc6 3. Bc4 Be7 4. d4 d6 5. d5 Nb8 6. Be3 Nf6 7. Nbd2 O-O 8. O-O Bg4 9. c3 Nbd7 10. b4 c6 11. Qb3 cxd5 12. Bxd5 Nxd5 13. Qxd5 Qc7 14. Rac1 Be6 15. Qd3 f5 16. Ng5 Bxg5 17. Bxg5 fxe4 18. Nxe4 d5 19. Ng3 e4 20. Qd4 Qe5 21. Qe3 h6 22. Be7 Rf7 23. Bc5 Nxc5 24. Qxc5 Rc7 25. Qe3 b6 26. f3 Rac8 27. Ne2 Rc4 28. f4 Qf6 29. Nd4 Bd7 30. Qd2 g5 31. Nb5 Qe6 32. Nd4 e3 33. Qe1 Qe4 34. f5 Rxd4 35. cxd4 Rxc1 36. Qxc1 e2 37. Re1 Qxd4+ 38. Kh1 Qf2 39. Qd2 Qf1+ 0-1

[Event "Sparkassen-Open B"]
[Site "Heusenstamm, Martinsee"]
[Date "2025.11.21"]
[Round "2.57"]
[White "Englert, Ann"]
[Black "Kesavan, Sarvesh"]
[Result "1/2-1/2"]
[WhiteElo "1535"]
[BlackElo "1700"]
[PlyCount "71"]
[EventDate "2025.11.20"]
[WhiteTeam "TV-Großostheim 1900 e.V."]
[BlackTeam "SK Bad Homburg 1927"]

1. d4 Nf6 2. c4 e6 3. Nc3 Bb4 4. e3 O-O 5. Bd2 d5 6. Nf3 b6 7. Rc1 Ba6 8. Qb3 c5 9. Be2 dxc4 10. Bxc4 Bxc4 11. Qxc4 Nc6 12. a3 Na5 13. Qa2 cxd4 14. axb4 dxc3 15. bxc3 Nc6 16. O-O Ne4 17. Rfd1 Qf6 18. Qc4 Nxd2 19. Rxd2 Rac8 20. Qb3 Ne5 21. Nxe5 Qxe5 22. Rd7 Rfd8 23. Rxa7 Rxc3 24. Rxc3 Qxc3 25. Qb1 Qxb4 26. Qa1 h6 27. h3 Qe4 28. Rc7 b5 29. Qa7 Rd1+ 30. Kh2 Qe5+ 31. f4 Qh5 32. Qa8+ Kh7 33. Qa7 Qg6 34. Qb7 Rd2 35. Rc5 Rd5 36. Rxb5 1/2-1/2

[Event "Sparkassen-Open B"]
[Site "Heusenstamm, Martinsee"]
[Date "2025.11.21"]
[Round "2.58"]
[White "Neagu, Liviu"]
[Black "Biedermann, Andreas"]
[Result "1-0"]
[WhiteElo "1747"]
[BlackElo "1557"]
[PlyCount "87"]
[EventDate "2025.11.20"]
[WhiteTeam "Wiesbaden"]
[BlackTeam "SAbt SU Mühlheim"]

1. d4 f5 2. Nc3 Nf6 3. Bg5 e6 4. e4 h6 5. Bxf6 Qxf6 6. e5 Qd8 7. Qh5+ Ke7 8. Nf3 Qe8 9. Qh4+ Kf7 10. g4 Be7 11. Qg3 g6 12. h4 h5 13. gxf5 gxf5 14. Ng5+ Kf8 15. f4 Rg8 16. Nh7+ Kf7 17. Ng5+ Kf8 18. Nh7+ Kf7 19. Ng5+ Kf8 20. O-O-O c6 21. Bc4 b5 22. Bb3 b4 23. Na4 Na6 24. Rhg1 Bxg5 25. hxg5 Qg6 26. c4 Bb7 27. d5 cxd5 28. cxd5 Rc8+ 29. Kb1 Nc5 30. Nxc5 Rxc5 31. dxe6 Be4+ 32. Ka1 dxe6 33. Rd6 Bd5 34. Bxd5 Rxd5 35. Rd1 Rxd1+ 36. Rxd1 Rh8 37. Rd8+ Kg7 38. Rd7+ Kg8 39. Qg2 Kf8 40. Rxa7 Qe8 41. Ra8 Qxa8 42. Qxa8+ Kg7 43. Qb7+ Kg6 44. Qe7 1-0

[Event "Sparkassen-Open B"]
[Site "Heusenstamm, Martinsee"]
[Date "2025.11.21"]
[Round "2.59"]
[White "Kuchta, Maksim"]
[Black "Verin, Eric"]
[Result "1-0"]
[WhiteElo "1736"]
[BlackElo "1541"]
[PlyCount "95"]
[EventDate "2025.11.20"]
[WhiteTeam "SC Heusenstamm"]
[BlackTeam "SC Bergen-Enkheim 1922"]

1. e4 d6 2. d4 Nf6 3. Nc3 Nc6 4. Be2 e5 5. Nf3 Nxd4 6. Nxd4 exd4 7. Qxd4 Be7 8. O-O O-O 9. Rd1 Be6 10. Qe3 a6 11. Qg3 Qc8 12. h3 b5 13. Bh6 Ne8 14. f4 f5 15. Bh5 Bf7 16. Bf3 c6 17. exf5 d5 18. Bg4 Bf6 19. Bg5 Ra7 20. Ne2 Qd8 21. Bxf6 Qxf6 22. c3 Nd6 23. Qd3 Ne4 24. Rf1 h5 25. Bf3 Qxf5 26. Nd4 Qg6 27. f5 Qd6 28. Bxe4 dxe4 29. Qxe4 Bd5 30. Qh4 Bc4 31. Rf2 Raf7 32. Qxh5 c5 33. Nc2 Bd3 34. Rd1 Qg3 35. Rf3 Qd6 36. Rdxd3 Qe5 37. Ne3 Qe4 38. Rd1 b4 39. cxb4 cxb4 40. Rdf1 Qe5 41. R1f2 Qa5 42. b3 Qc5 43. Qg5 Rf6 44. Rg3 Qc1+ 45. Kh2 g6 46. Qh6 Qc6 47. fxg6 Qd7 48. g7 1-0

[Event "Sparkassen-Open B"]
[Site "Heusenstamm, Martinsee"]
[Date "2025.11.21"]
[Round "2.60"]
[White "Rafikov, Damir"]
[Black "Pishnograev, Ilya"]
[Result "1-0"]
[WhiteElo "1708"]
[BlackElo "1523"]
[PlyCount "120"]
[EventDate "2025.11.20"]
[WhiteTeam "SK 1947 Sandhausen e.V."]
[BlackTeam "SK Bad Homburg 1927"]

1. e4 e5 2. Nf3 Nc6 3. Bb5 a6 4. Bxc6 dxc6 5. d3 Bc5 6. Qe2 Bg4 7. h3 Bxf3 8. Qxf3 h6 9. Be3 Bxe3 10. Qxe3 Ne7 11. Qg3 Ng6 12. Nd2 Qe7 13. O-O-O O-O-O 14. Qe3 Rd4 15. Nb3 Rb4 16. c3 Rb6 17. g3 Nf8 18. d4 exd4 19. Rxd4 Ne6 20. Rd2 c5 21. Rhd1 c4 22. Nd4 Qc5 23. Qe2 Qa5 24. Nxe6 fxe6 25. a3 Rc6 26. Rd4 b5 27. Qd2 Kb7 28. f4 g5 29. f5 exf5 30. exf5 b4 31. Rd5 Qa4 32. Qc2 Qxc2+ 33. Kxc2 b3+ 34. Kd2 Rd6 35. Ke3 Re8+ 36. Kf3 h5 37. Rxd6 cxd6 38. Rxd6 g4+ 39. hxg4 hxg4+ 40. Kf2 Rf8 41. Rd4 Rxf5+ 42. Rf4 Rxf4+ 43. gxf4 Kc6 44. Kg3 Kd5 45. Kxg4 Ke6 46. Kg5 Kf7 47. Kf5 Ke7 48. Ke5 Kf7 49. f5 Ke7 50. Kd5 Kf6 51. Kxc4 Kxf5 52. Kxb3 Ke5 53. Kb4 Kd5 54. Ka5 Kc5 55. b4+ Kc6 56. Kxa6 Kc7 57. Ka7 Kc6 58. a4 Kc7 59. b5 Kc8 60. b6 Kd7 1-0

[Event "Sparkassen-Open B"]
[Site "Heusenstamm, Martinsee"]
[Date "2025.11.21"]
[Round "2.61"]
[White "Vranic, Dusan"]
[Black "Burow, Roger"]
[Result "0-1"]
[WhiteElo "1502"]
[BlackElo "1682"]
[PlyCount "50"]
[EventDate "2025.11.20"]
[WhiteTeam "Sabt Frankfurter TV 1860"]
[BlackTeam "SV 1920 Kelsterbach"]

1. e4 d5 2. exd5 Nf6 3. d4 Bg4 4. Nf3 Nxd5 5. c4 Nf6 6. Nc3 e6 7. Be2 Nc6 8. h3 Bf5 9. Nh4 Nxd4 10. Nxf5 Nxe2 11. Nxg7+ Bxg7 12. Qxe2 a6 13. Bg5 Qd6 14. Bxf6 Bxf6 15. O-O O-O-O 16. Ne4 Qe5 17. Nxf6 Qxe2 18. b3 Rd2 19. Rae1 Qd3 20. Ne4 Rxa2 21. Nc5 Qf5 22. b4 Rg8 23. g4 h5 24. f3 Qf4 25. Re4 Qg3+ 0-1

[Event "Sparkassen-Open B"]
[Site "Heusenstamm, Martinsee"]
[Date "2025.11.21"]
[Round "2.62"]
[White "Wiencken, Marcus"]
[Black "Hill, Alexander"]
[Result "0-1"]
[WhiteElo "1488"]
[BlackElo "1674"]
[PlyCount "67"]
[EventDate "2025.11.20"]
[WhiteTeam "Schachforum Darmstadt 1994"]
[BlackTeam "SK Bickenbach"]

1. e4 c6 2. Nf3 d5 3. exd5 cxd5 4. d4 Nf6 5. Nc3 Bg4 6. Be2 e6 7. O-O Be7 8. Ne5 Bxe2 9. Qxe2 O-O 10. a3 Nc6 11. Be3 a6 12. Rad1 Qc7 13. f4 Na5 14. f5 Nc6 15. Bf4 Bd6 16. Bg5 Nxd4 17. Rxd4 Bxe5 18. Rh4 h6 19. Bxh6 gxh6 20. Rxh6 Kg7 21. Qd2 Rg8 22. fxe6 Qb6+ 23. Kh1 Qxe6 24. Rh3 Kf8 25. Re3 d4 26. Re2 dxc3 27. bxc3 Rh8 28. h3 Rc8 29. Re3 Qd7 30. Qe2 Bxc3 31. Rd1 Qc7 32. Rdd3 Ba5 33. a4 Re8 34. Rc3 0-1

[Event "Sparkassen-Open B"]
[Site "Heusenstamm, Martinsee"]
[Date "2025.11.21"]
[Round "2.63"]
[White "Klikic, Drazen"]
[Black "Vasudevan, Ananya"]
[Result "1/2-1/2"]
[WhiteElo "1672"]
[BlackElo "1497"]
[PlyCount "54"]
[EventDate "2025.11.20"]
[WhiteTeam "SC 1961 König Nied"]
[BlackTeam "SK Langen"]

1. e4 e5 2. Nf3 Nc6 3. Bb5 Nf6 4. d3 Bd6 5. O-O O-O 6. c3 Re8 7. Re1 a6 8. Ba4 b5 9. Bb3 h6 10. Nbd2 Bc5 11. h3 Bb7 12. Nf1 d6 13. Ng3 Ne7 14. Nh4 Bc8 15. Qf3 Bd7 16. Bxh6 gxh6 17. Qxf6 Rf8 18. Nh5 Nf5 19. Qg6+ Kh8 20. Bxf7 Qxh4 21. exf5 Qxf2+ 22. Kh2 Rxf7 23. Qxf7 Rg8 24. Qf6+ Kh7 25. Rg1 Bc6 26. Qf7+ Kh8 27. Qf6+ Kh7 1/2-1/2

[Event "Sparkassen-Open B"]
[Site "Heusenstamm, Martinsee"]
[Date "2025.11.21"]
[Round "2.65"]
[White "Pade, Joachim"]
[Black "Kollmer, Karla"]
[Result "1/2-1/2"]
[WhiteElo "1662"]
[BlackElo "1479"]
[PlyCount "81"]
[EventDate "2025.11.20"]
[WhiteTeam "Königsspringer Karben"]
[BlackTeam "VSG 1880 Offenbach"]

1. e4 e5 2. b3 Nc6 3. Bb2 Nf6 4. d3 Bc5 5. h3 d6 6. Nc3 Be6 7. Qd2 h6 8. O-O-O Qd7 9. g3 g5 10. Bg2 O-O-O 11. Nge2 Bxf2 12. Rdf1 Nxe4 13. Nxe4 Bb6 14. Nf6 Qe7 15. Bxc6 bxc6 16. a4 a6 17. a5 Ba7 18. Kb1 h5 19. d4 Rh6 20. Ne4 f6 21. Qd3 d5 22. Qxa6+ Kb8 23. Nd2 Qd7 24. dxe5 Be3 25. Nf3 Bxh3 26. Nfd4 fxe5 27. Nxc6+ Rxc6 28. Qb5+ Kc8 29. Rf3 Bg2 30. Rxe3 Bxh1 31. Rxe5 Be4 32. Nd4 Rg6 33. Qe2 h4 34. Rxe4 dxe4 35. Qxe4 Ra6 36. b4 hxg3 37. Qg2 c5 38. Nb3 cxb4 39. Nc5 Qd1+ 40. Bc1 Ra7 41. Qc6+ 1/2-1/2

[Event "Sparkassen-Open B"]
[Site "Heusenstamm, Martinsee"]
[Date "2025.11.21"]
[Round "2.66"]
[White "Lorse, Heinz"]
[Black "Jovanovic, Petar B"]
[Result "0-1"]
[WhiteElo "1483"]
[BlackElo "1657"]
[PlyCount "56"]
[EventDate "2025.11.20"]
[WhiteTeam "Mönchengladbacher SV 1"]
[BlackTeam "Donji  Srem  Serbia"]

1. c4 e6 2. d4 d5 3. Nf3 Nf6 4. Nc3 c6 5. Ne5 Nbd7 6. Bf4 Qb6 7. Rb1 h6 8. Qd3 Nxe5 9. Bxe5 Ng4 10. Bf4 dxc4 11. Qf3 Qxd4 12. Qxg4 e5 13. e3 Bxg4 14. exd4 exf4 15. Bxc4 Be6 16. d5 cxd5 17. Bxd5 O-O-O 18. Bb3 Bb4 19. O-O Bxc3 20. bxc3 Rd2 21. Rfe1 Re8 22. Rec1 g5 23. f3 Re7 24. c4 Bf5 25. Ra1 Ree2 26. Kf1 Bd3 27. Rd1 Rf2+ 28. Ke1 Rde2# 0-1